| 000 | 00690nam a2200193Ii 4500 | ||
|---|---|---|---|
| 003 | JO-AjNU | ||
| 008 | 230605s9999||||xx |||||||||||||| ||und|| | ||
| 040 |
_aJO-AjNU _bara _erda _cJO-AjNU |
||
| 041 | _aara | ||
| 050 | 1 | 4 | _aHF5686.C8 .M372 1986 |
| 100 | 3 |
_aتأليف: مرعي، عبد الحي, _eauthor _915378 |
|
| 245 | 0 | 0 | _aتطبيقات في التكاليف في خدمة الادارة الحديثة |
| 264 | 3 | 1 | _aالاسكندرية: مؤسسة شباب الجامعة، 1986 |
| 300 | _a399ص | ||
| 336 |
_atext _btxt _2rdacontent |
||
| 337 |
_aunmediated _bn _2rdamedia |
||
| 338 |
_avolume _bnc _2rdacarrier |
||
| 650 | 4 |
_aمحاسبة التكاليف - الادارة _915379 |
|
| 999 |
_aA4329 _c7897 _d7897 |
||